000 00755nam a2200181 a 4500
001 3957
005 20140414131853.0
008 040719s19uu xx 00 eng d
020 _a0-15-301359-1
050 _aM 398.2
_bF24 1993
100 _aFarr, Roger C.
245 _aHBJ Treasury of literature :
_bacross the fields /
_csenior authors Roger C. Farr, Dorothy S. Strickland.
260 _aOrlando :
_bHarcourt Brace,
_c1993.
300 _a144 p. : ill. ; cm.
500 _aContents: What Game Shall We Paly?--Where To Look--Where is Thumbkin?--I wish I could fly--Wouldn't You?--Flap your wings and try--All the sky--Six little ducks--The chick and the duckling--Baby chick--Across the stream.
650 _aCollection of stories.
999 _c110273
_d110273